ბათუმის შოთა რუსთაველის სახელმწიფო უნივერსიტეტის ბიბლიოთეკა

Социология права (ბიბ.ჩანაწერი № 36097)

000 -LEADER
fixed length control field 00585nam a2200229Ia 4500
001 - CONTROL NUMBER
control field 1997
003 - CONTROL NUMBER IDENTIFIER
control field GE_BSU
008 - FIXED-LENGTH DATA ELEMENTS--GENERAL INFORMATION
fixed length control field 181216s||||||||xx |||||||||||||| ||und||
020 ## - INTERNATIONAL STANDARD BOOK NUMBER
International Standard Book Number 5222097919
040 ## - CATALOGING SOURCE
Transcribing agency GE_BSU
080 ## - UNIVERSAL DECIMAL CLASSIFICATION NUMBER
Universal Decimal Classification number 316.3/4(075.8)
100 ## - MAIN ENTRY--PERSONAL NAME
Personal name Степанов,О.В.
245 ## - TITLE STATEMENT
Title Социология права
245 ## - TITLE STATEMENT
Remainder of title Серия "Высшее образование
260 ## - PUBLICATION, DISTRIBUTION, ETC.
Place of publication, distribution, etc. Ростов на Дону
260 ## - PUBLICATION, DISTRIBUTION, ETC.
Name of publisher, distributor, etc. Феникс
260 ## - PUBLICATION, DISTRIBUTION, ETC.
Date of publication, distribution, etc. 2006
300 ## - PHYSICAL DESCRIPTION
Extent 285стр.
653 ## - INDEX TERM--UNCONTROLLED
Uncontrolled term Социология права
942 ## - ADDED ENTRY ELEMENTS (KOHA)
Koha item type წიგნი
ეგზემპლარები
Withdrawn status Lost status Damaged status Not for loan Date acquired Barcode Date last seen Price effective from Koha item type
        2018-12-17 3784 2018-12-17 2018-12-17 წიგნი